=LDR 00000nam 2200000 4500 =001 INLIS000000000017291 =005 20130612112503 =008 ***********************************Ind** =035 ##$$0010-061300000017291 =041 ##$$a Ind =082 ##$$a 621 =090 ##$$a 621, Sri m =100 ##$$a Sri Widharto =245 ##$$a Manual rigging (punggah), Sri Widharto =260 ##$$a 2003 $b Jakarta =300 ##$$a x, 410 hlm, ilus, 23 cm =650 ##$$a Mesin, Teknik =850 ##$$a NBPNMAT